| 000 | 00524nam a2200217Ia 4500 | ||
|---|---|---|---|
| 005 | 20250425161632.0 | ||
| 008 | 250425s9999 xx 000 0 und d | ||
| 020 | _a9684511345 | ||
| 041 | _aspa | ||
| 082 | _a029.73 | ||
| 100 | _aHERNANDEZ NIEVES, SERGIO | ||
| 245 | 0 | _aTECNICAS DE INVESTIGACION DOCUMENTAL | |
| 250 | _a1A ED. | ||
| 260 | _aMEXICO | ||
| 260 |
_aMéxico _bMCGRAW-HILL _c1975 |
||
| 300 | _a129 | ||
| 650 | _aDOCUMENTACION | ||
| 650 | _aINVESTIGACION DOCUMENTAL | ||
| 942 | _c01 | ||
| 010 | _a24709 | ||
| 999 |
_c213009 _d213009 |
||